000 01314nam a2200289 i 4500
001 0008149115
003 OSt
005 20260528195902.0
008 260513 2026 fre
020 _a9782226512499
040 _aQMBND
_bfre
_erda
_cQMBND
082 _aP 1887dce
100 1 _aPancol, Katherine
245 0 0 _aDes choux et des reines
264 1 _bAlbin Michel,
_c2026
336 _atexte
_btxt
_2rdacontent
337 _asans mďiation
_bn
_2rdamedia
338 _avolume
_bnc
_2rdacarrier
520 _aSophie a sauté dans le premier train pour Rouen avec, pour seul bagage, son chien Sherlock. Elle s'est enfuie. Ce jour-là, son amant avait oublié de l'enfermer à double tour...
942 _2ddc
_cROM ADULTE
999 _c18857
_d18857